Powstanie wielkopolskie - Statystyki

Ogólne statystyki
  • Ten quiz został rozwiązany 435 razy
  • Średni wynik to 8 z 15
Statystyki odpowiedzi
Zagadnienie Odpowiedź % Poprawnych
Jak nazywał się pierwszy dowódca powstania wielkopolskiego: Stanisław Taczak
86%
Datą wybuchu powstania wielkopolskie jest: 27 grudnia 1918
84%
Powstanie wielkopolskie zakończył rozejm w Trewirze
83%
Jednym z najbardziej spektakularnych sukcesów powstańców wielkopolskich było: zdobycie lotniska Ławica
80%
Jakiej broni NIE MIELI powstańcy: czołgów Renault FT-17
61%
Którego z miast NIE OBJĘŁO powstanie wielkopolskie? Bydgoszcz
51%
Który dowódca powstańczy znany jest z walk na Kujawach: Paweł Cyms
47%
Jaką nazwę nadano zdobytemu pod Rynarzewem pociągowi pancernemu: Danuta
46%
Głównym problem powstańców wielkopolskich był: niedobór oficerów
46%
Generał Józef Dowbor-Muśnicki wywodził się z armii: rosyjskiej
44%
Zdobytemu pod Budzyniem samochodowi pancernemu Ehrhardt M 1917 została nadana nazwa: Pułkownik Kazimierz Grudzielski
37%
Najcięższe walki na zachodnim froncie powstania miały miejsce: pod Babimostem i Kargową
36%
Do tematyki powstania wielkopolskiego nawiązuje serial: Najdłuższa wojna nowoczesnej Europy
25%
Pomnik Powstańców Wielkopolskich w Poznaniu znajduje się: w Parku Izabeli i Jerogniewa Dręwskich
18%
Muzeum Powstańców Wielkopolskich znajduje się w: Lusowie
12%
Nie znaleziono quizów pasujących do podanych kryteriów
Rozkład punktacji
Procent ludzi z każdym wynikiem
Percentyl według liczby udzielonych odpowiedzi
Twoja historia wyników
Nie rozwiązałeś tego quizu